Le commentaire de traduction anglaise (notice n° 1567125)
[ vue normale ]
| 000 -LEADER | |
|---|---|
| fixed length control field | 00903cam a2200133 4500500 |
| 005 - DATE AND TIME OF LATEST TRANSACTION | |
| control field | 20251214002553.0 |
| 041 ## - LANGUAGE CODE | |
| Language code of text/sound track or separate title | fre |
| 042 ## - AUTHENTICATION CODE | |
| Authentication code | dc |
| 100 10 - MAIN ENTRY--PERSONAL NAME | |
| Personal name | Balard, Michel |
| Relator term | author |
| 245 00 - TITLE STATEMENT | |
| Title | Le commentaire de traduction anglaise |
| 260 ## - PUBLICATION, DISTRIBUTION, ETC. | |
| Name of publisher, distributor, etc. | Armand Colin,<br/> |
| Date of publication, distribution, etc. | 2007.<br/> |
| 520 ## - SUMMARY, ETC. | |
| Summary, etc. | Ce manuel propose une nouvelle approche du commentaire de traduction. En premier lieu, il apporte les éléments méthodologiques de base nécessaires à la description ordonnée des textes. Puis il offre la possibilité de les appliquer de manière progressive, des commentaires simples et autocorrectifs à des commentaires comparés plus complexes. Des corrigés, un index, des indications bibliographiques et des propositions de travaux plus synthétiques complètent l’ouvrage. |
| 856 41 - ELECTRONIC LOCATION AND ACCESS | |
| Uniform Resource Identifier | <a href="https://shs.cairn.info/le-commentaire-de-traduction-anglaise--9782200353032?lang=fr&redirect-ssocas=7080">https://shs.cairn.info/le-commentaire-de-traduction-anglaise--9782200353032?lang=fr&redirect-ssocas=7080</a> |
Pas d'exemplaire disponible.




Réseaux sociaux